Every NHL Player (Metropolitan) - Statistics

General Stats
  • This quiz has been taken 26 times
  • The average score is 59 of 199
Answer Stats
Position Team Answer % Correct
C Carolina (A) Sebastian Aho
90%
C Pittsburgh (A) Evgeni Malkin
81%
D Pittsburgh (A) Kris Letang
81%
C Pittsburgh (C) Sidney Crosby
81%
D Pittsburgh Erik Karlsson
76%
G New York R Igor Shesterkin
76%
D Carolina (A) Jaccob Slavin
76%
LW Washington (C) Alex Ovechkin
71%
G Carolina Frederik Andersen
71%
C New Jersey (A) Jack Hughes
71%
D New Jersey Luke Hughes
71%
D New Jersey Dougie Hamilton
67%
G Washington Logan Thompson
67%
D Columbus (A) Zach Werenski
67%
D New York R (A) Adam Fox
62%
LW New York R (A) Artemi Panarin
62%
G New York I Ilya Sorokin
62%
D Washington (A) John Carlson
62%
C Carolina (C) Jordan Staal
62%
C New York I Matthew Barzal
62%
C New Jersey (C) Nico Hischier
62%
LW New York I (C) Anders Lee
57%
RW Carolina Andrei Svechnikov
57%
RW Pittsburgh Bryan Rust
57%
LW New York R (A) Chris Kreider
57%
C New York R (A) Mika Zibanejad
57%
C Washington Aliaksei Protas
52%
C Columbus (C) Boone Jenner
52%
C Washington Connor McMichael
52%
LW New York I Matt Martin
52%
C Philadelphia (C) Sean Couturier
52%
C Carolina Seth Jarvis
52%
D New York I Adam Pelech
48%
C New York I (A) Brock Nelson
48%
G Washington Charlie Lindgren
48%
C Washington Dylan Strome
48%
G Columbus Elvis Merzlikins
48%
D Washington Jakob Chychrun
48%
G New York R Jonathan Quick
48%
D New York R K'Andre Miller
48%
RW Carolina Mikko Rantanen
48%
C Washington (A) Nicklas Backstrom
48%
LW Washington Pierre-Luc Dubois
48%
D New York R Ryan Lindgren
48%
RW Washington (A) Tom Wilson
48%
C New York I (A) Bo Horvat
43%
RW Columbus Kirill Marchenko
43%
LW Pittsburgh Michael Bunting
43%
D New York I Noah Dobson
43%
G Carolina Pyotr Kochetkov
43%
RW Pittsburgh Rickard Rakell
43%
D New York I Ryan Pulock
43%
RW Washington (A) TJ Oshie
43%
RW Philadelphia (A) Travis Konecny
43%
C New York R Vincent Trocheck
43%
C Columbus Adam Fantilli
38%
D New York I Alexander Romanov
38%
LW New York R Alexis Lafreniere
38%
D Carolina Brent Burns
38%
D Philadelphia Erik Johnson
38%
D Columbus Jack Johnson
38%
G New Jersey Jacob Markstrom
38%
D Carolina Jalen Chatfield
38%
C Columbus Kent Johnson
38%
RW New York R Reilly Smith
38%
LW Pittsburgh Anthony Beauvillier
33%
D New Jersey Brett Pesce
33%
G Philadelphia Ivan Fedotov
33%
G New Jersey Jake Allen
33%
C New York I Jean-Gabriel Pageau
33%
LW New Jersey Jesper Bratt
33%
LW Carolina (A) Jordan Martinook
33%
RW Pittsburgh Kevin Hayes
33%
C Washington Lars Eller
33%
C Philadelphia Morgan Frost
33%
C Columbus Sean Monahan
33%
LW Carolina Taylor Hall
33%
D New York R Zac Jones
33%
D New York R Braden Schneider
29%
C New York R Filip Chytil
29%
D Columbus Ivan Provorov
29%
D Philadelphia Jamie Drysdale
29%
G Pittsburgh Joel Blomqvist
29%
LW Philadelphia Joel Farabee
29%
C New York I Kyle Palmieri
29%
C New York R Matt Rempe
29%
RW Philadelphia Own Tippett
29%
C New Jersey Paul Cotter
29%
C Pittsburgh Phillip Tomasino
29%
G New York I Semyon Varlamov
29%
D Carolina Shayne Gostisbehere
29%
RW New Jersey Timor Meier
29%
D Philadelphia Travis Sanheim
29%
LW New York R Will Cuylle
29%
LW Washington Andrew Mangiapane
24%
D Philadelphia Cam York
24%
C New York I Casey Cizikas
24%
D Columbus Damon Severson
24%
G Columbus Daniil Tarasov
24%
LW Columbus Dmitri Voronkov
24%
D Carolina Dmitry Orlov
24%
LW Pittsburgh Drew O'Connor
24%
C Carolina Jack Roslovic
24%
RW Carolina Jackson Blake
24%
LW Columbus James van Riemsdyk
24%
D New Jersey Jonas Siegenthaler
24%
D Pittsburgh Marcus Pettersson
24%
D Washington Martin Fehervary
24%
D Pittsburgh Matt Grzelcyk
24%
RW Philadelphia Matvei Michkov
24%
C Washington Nic Dowd
24%
G Philadelphia Samuel Ersson
24%
C Philadelphia (A) Scott Laughton
24%
RW New Jersey Stefan Noesen
24%
D Washington Trevor van Riemsdyk
24%
RW Philadelphia Tyson Foerster
24%
D New York R Urho Vaakanainen
24%
C Columbus Zach Aston-Reese
24%
LW New York I Anthony Duclair
19%
RW Washington Brandon Duhaime
19%
C Columbus Cole Sillinger
19%
C New Jersey Curtis Lazar
19%
C New Jersey Dawson Mercer
19%
C Columbus Luca Del Bel Belluz
19%
RW Columbus Mathieu Olivier
19%
D New York I Mike Reilly
19%
RW New Jersey Nathan Bastian
19%
D Philadelphia Nick Seeler
19%
LW Philadelphia Nicolas Deslauriers
19%
LW Philadelphia Noah Cates
19%
C Pittsburgh Noel Acciari
19%
LW New Jersey (A) Ondrej Palat
19%
D Washington Rasmus Sandin
19%
D Pittsburgh Ryan Graves
19%
C New York R Sam Carrick
19%
D New York I Scott Mayfield
19%
C Columbus (A) Sean Kuraly
19%
RW New York I Simon Holmstrom
19%
LW Washington Sonny Milano
19%
RW Washington Taylor Raddysh
19%
D New York R Will Borgen
19%
C New York R Adam Edstrom
14%
D Washington Alex Alexeyev
14%
RW Philadelphia Bobby Brink
14%
D New Jersey Brenden Dillon
14%
D Philadelphia Egor Zamula
14%
LW Carolina Eric Robinson
14%
C Washington Ethen Frank
14%
RW Philadelphia Garnet Hathaway
14%
D New York I Isaiah George
14%
G New York I Marcus Hogberg
14%
LW Pittsburgh Matt Nieto
14%
D Washington Matt Roy
14%
RW New York I Maxim Tsyplakov
14%
D Pittsburgh Pierre-Olivier Joseph
14%
D Philadelphia Rasmus Ristolainen
14%
D Pittsburgh Ryan Shea
14%
D Carolina Sean Walker
14%
LW New Jersey Tomas Tatar
14%
RW Columbus Yegor Chinakov
14%
G Pittsburgh Alex Nedjelkovic
10%
C Philadelphia Anthony Richard
10%
RW New York R Arthur Kaliyev
10%
D Columbus Dante Fabbro
10%
D Columbus (A) Erik Gudbranson
10%
LW New Jersey Erik Haula
10%
LW New York R Jimmy Vesey
10%
D New Jersey Jonathan Kovacevic
10%
C New York I Kyle MacLean
10%
C New York I Marc Gatcomb
10%
LW New York I Pierre Engvall
10%
C Philadelphia Rodrigo Abols
10%
D Philadelphia Ryan Ellis
10%
C Carolina Tyson Jost
10%
C Pittsburgh Blake Lizotte
5%
LW Pittsburgh Bokondji Imama
5%
C Pittsburgh Cody Glass
5%
D New York I Dennis Cholowski
5%
D Columbus Denton Mateychuk
5%
D Washington Dylan McIlrath
5%
RW New York I Hudson Fasching
5%
G Washington Hunter Shepard
5%
G New Jersey Isaac Poulter
5%
D Columbus Jake Christiansen
5%
LW Washington Jakub Vrana
5%
C New York R Jonny Brodzinski
5%
D Columbus Jordan Harris
5%
LW Carolina Juha Jaaska
5%
RW Columbus Justin Danforth
5%
C New Jersey Justin Dowling
5%
RW Columbus Kevin Labanc
5%
LW New Jersey Kurtis MacDermid
5%
LW Columbus Mikael Pyyhtia
5%
LW Carolina William Carrier
5%
C Columbus Gavin Brindley
0%
C Carolina Jesperi Kotkeniemi
0%
D Carolina Riley Stillman
0%
C Philadelphia Ryan Phoeling
0%
D New Jersey Santeria Hatakka
0%
No matching quizzes found
Score Distribution
Percent of People with Each Score
Percentile by Number Answered
Your Score History
You have not taken this quiz